| 000 | 00370nam a22001697a 4500 | ||
|---|---|---|---|
| 003 | OSt | ||
| 008 | 230509b |||||||| |||| 00| 0 eng d | ||
| 020 | _a9789387169760 | ||
| 041 | _aMAL | ||
| 082 |
_a891.353 _bORH/CH |
||
| 100 |
_aOrhan pamuk _95452 |
||
| 245 | _aRed haired woman | ||
| 250 | _a3 | ||
| 260 |
_aKottayam _bdcbooks _c2022 |
||
| 300 | _a222 | ||
| 942 | _cBK | ||
| 999 |
_c17687 _d17687 |
||